[Event "Titled Tue 1st Jul Late"]
[Site "chess.com INT"]
[Date "2025.07.01"]
[Round "2"]
[White "Tabatabaei, M. Amin"]
[Black "Gogolev, Artem"]
[Result "1-0"]
[WhiteTitle "GM"]
[BlackTitle "IM"]
[WhiteElo "2655"]
[BlackElo "2240"]
[WhiteFideId "12521213"]
[BlackFideId "4116615"]
[EventDate "2025.07.01"]

1. e4 c6 2. Nf3 d5 3. Nc3 dxe4 4. Nxe4 Nf6 5. Qe2 Nxe4 6. Qxe4 Nd7 7. d4 Nf6 8.
Qd3 Bg4 9. Ne5 Bh5 10. c3 e6 11. Bg5 Bd6 12. Qh3 Bxe5 13. dxe5 Qd5 14. Bxf6 Qe4+
15. Qe3 Qxe3+ 16. fxe3 gxf6 17. exf6 Rg8 18. g3 Bf3 19. Rg1 Rg6 20. Bd3 Rxf6 21.
Rf1 Ke7 22. Be2 Bxe2 23. Rxf6 Kxf6 24. Kxe2 Rd8 25. Rf1+ Kg6 26. Rf4 h5 27. Ra4
a6 28. Rb4 Rd7 29. Rd4 Rxd4 30. exd4 Kf5 31. Kf3 a5 32. a4 b5 33. b3 f6 34. h3
bxa4 35. bxa4 Kg5 36. c4 Kf5 37. h4 e5 38. d5 e4+ 39. Ke3 cxd5 40. cxd5 Ke5 41.
g4 Kxd5 42. gxh5 Ke5 43. h6 1-0

[Event "Titled Tue 1st Jul Late"]
[Site "chess.com INT"]
[Date "2025.07.01"]
[Round "2"]
[White "Chakrabarti, Brejesh"]
[Black "Miserendino, Alfredo"]
[Result "1-0"]
[WhiteTitle "FM"]
[WhiteElo "2282"]
[BlackElo "2032"]
[WhiteFideId "30969280"]
[BlackFideId "101800"]
[EventDate "2025.07.01"]

1. c4 Nf6 2. g3 e6 3. Bg2 d5 4. Nf3 c6 5. O-O Be7 6. b3 O-O 7. Bb2 Nbd7 8. d4 b6
9. Nbd2 Bb7 10. Qc2 Rc8 11. e4 dxe4 12. Nxe4 Nxe4 13. Qxe4 Nf6 14. Qe2 c5 15.
Rad1 cxd4 16. Nxd4 Bxg2 17. Kxg2 Qc7 18. Qf3 Rfd8 19. Rfe1 h6 20. Nb5 Qb8 21.
Be5 Qa8 22. Qxa8 Rxa8 23. Rxd8+ Rxd8 24. Nxa7 Rd2 25. Rb1 Ng4 26. Rb2 Rd7 27.
Nc6 Nxe5 28. Nxe5 Rd1 29. Nf3 Bf6 30. Rd2 Ra1 31. Nd4 Bxd4 32. Rxd4 Rxa2 33.
Rd8+ Kh7 34. Rd6 Ra6 35. c5 Ra5 36. b4 Rb5 37. Rxb6 1-0

[Event "Titled Tue 1st Jul Late"]
[Site "chess.com INT"]
[Date "2025.07.01"]
[Round "2"]
[White "Mizzi, Jack"]
[Black "Mecit, Emre"]
[Result "1-0"]
[WhiteTitle "CM"]
[WhiteElo "2107"]
[BlackElo "2007"]
[WhiteFideId "5602521"]
[BlackFideId "6304214"]
[EventDate "2025.07.01"]

1. d4 Nf6 2. c4 c5 3. d5 b5 4. cxb5 a6 5. e3 axb5 6. Bxb5 g6 7. Nf3 Bg7 8. O-O
O-O 9. Nc3 Bb7 10. e4 d6 11. h3 Na6 12. Bf4 Nc7 13. Bc4 Ba6 14. Bxa6 Rxa6 15.
Qe2 Qa8 16. Rfd1 Rb8 17. e5 dxe5 18. Bxe5 Ra7 19. d6 exd6 20. Rxd6 Re8 21. Qd2
Ne6 22. Rd1 Rae7 23. Bxf6 Bxf6 24. Nd5 Bd4 25. Nxd4 Nxd4 26. Nxe7+ Rxe7 27. Qg5
Qe4 28. Qxc5 Ne2+ 29. Kh1 Nf4 30. Rd8+ Kg7 31. Qd4+ Qxd4 32. R8xd4 g5 33. R4d2
Kg6 34. a4 Re4 35. Ra1 h5 36. a5 g4 37. hxg4 hxg4 38. a6 g3 39. fxg3 Nh5 40. a7
Nxg3+ 41. Kg1 Rh4 42. a8=Q Rh1+ 43. Kf2 Ne4+ 44. Qxe4+ 1-0

[Event "Titled Tue 1st Jul Late"]
[Site "chess.com INT"]
[Date "2025.07.01"]
[Round "2"]
[White "Atis, Hasan"]
[Black "Yazici, Ugur Doga"]
[Result "1-0"]
[WhiteTitle "CM"]
[BlackTitle "CM"]
[WhiteElo "2089"]
[BlackElo "2161"]
[WhiteFideId "44598017"]
[BlackFideId "6363342"]
[EventDate "2025.07.01"]

1. e4 e6 2. Qe2 Nc6 3. c3 d5 4. exd5 Qxd5 5. Nf3 e5 6. d4 Bg4 7. dxe5 O-O-O 8.
Nbd2 Bc5 9. h3 Bh5 10. Qe4 Bxf3 11. gxf3 Nxe5 12. Be2 Nf6 13. Qxd5 Nxd5 14. Ne4
Bb6 15. O-O h6 16. Ng3 g6 17. f4 Nc6 18. f5 Ne5 19. fxg6 fxg6 20. Kh2 Rdf8 21.
f4 Nd7 22. f5 g5 23. Bd2 N7f6 24. Rae1 Re8 25. Bc4 c6 26. Bb3 Kd7 27. c4 Ne3 28.
Rf3 g4 29. hxg4 Nfxg4+ 30. Kh3 h5 31. f6 Re6 32. f7 Rf8 33. c5 Rf6 34. Rxf6 Nxf6
35. cxb6 axb6 36. Bxe3 1-0

[Event "Titled Tue 1st Jul Late"]
[Site "chess.com INT"]
[Date "2025.07.01"]
[Round "2"]
[White "Cernov, Henrik"]
[Black "Bluebaum, Matthias"]
[Result "0-1"]
[WhiteTitle "FM"]
[BlackTitle "GM"]
[WhiteElo "2325"]
[BlackElo "2663"]
[WhiteFideId "16258312"]
[BlackFideId "24651516"]
[EventDate "2025.07.01"]

1. Nf3 d5 2. g3 e6 3. Bg2 Nf6 4. O-O Bd6 5. d4 O-O 6. c4 Nc6 7. b3 dxc4 8. bxc4
e5 9. c5 Be7 10. dxe5 Qxd1 11. Rxd1 Ne4 12. Be3 Bxc5 13. Bxc5 Nxc5 14. Nc3 Be6
15. Rab1 Rad8 16. e3 Bg4 17. Rxd8 Rxd8 18. h3 Bf5 19. Rd1 Rxd1+ 20. Nxd1 Be4 21.
Nd4 Nxe5 22. Nb5 c6 23. Nxa7 Kf8 24. Nc3 Bxg2 25. Kxg2 Nc4 26. Ne2 Ke7 27. Nd4
Kd7 28. Kf3 Kc7 29. Kg4 Na5 30. Kf5 Kb8 31. Nab5 cxb5 32. Nxb5 Nc4 33. g4 Kc8
34. h4 Kd7 35. g5 Nd6+ 36. Nxd6 Kxd6 37. h5 Na4 38. g6 hxg6+ 39. hxg6 f6 40. f4
Nc3 41. e4 Nxa2 42. e5+ fxe5 43. fxe5+ Ke7 44. Ke4 Nb4 45. Kd4 Ke6 46. Kc5 Nc6
47. Kb6 Nxe5 48. Kxb7 Nxg6 0-1

[Event "Titled Tue 1st Jul Late"]
[Site "chess.com INT"]
[Date "2025.07.01"]
[Round "2"]
[White "Myagmarsuren, Evsuld"]
[Black "Pica, Eleni"]
[Result "1-0"]
[WhiteTitle "FM"]
[BlackTitle "WCM"]
[WhiteElo "2292"]
[BlackElo "1686"]
[WhiteFideId "1551639"]
[BlackFideId "5910005"]
[EventDate "2025.07.01"]

1. e4 c5 2. Nf3 d6 3. d4 cxd4 4. Nxd4 Nf6 5. Nc3 g6 6. Be2 Bg7 7. O-O O-O 8. a4
Nc6 9. Be3 Nxd4 10. Bxd4 Be6 11. a5 Rc8 12. Bxa7 Bc4 13. Bd4 Bxe2 14. Qxe2 Rc6
15. Rfc1 Bh6 16. Bxf6 Bxc1 17. Rxc1 exf6 18. Nd5 Kg7 19. c4 Qxa5 20. b4 Qd8 21.
Qb2 Re8 22. f3 Re5 23. Qd4 b5 24. c5 dxc5 25. bxc5 Re8 26. g4 g5 27. h4 h6 28.
hxg5 hxg5 29. Kg2 Rh8 30. f4 gxf4 31. g5 Kf8 32. gxf6 Qc8 33. Rg1 Qh3+ 34. Kf2
Qh2+ 35. Kf1 Qh3+ 36. Ke1 Qh4+ 37. Kd2 Qh2+ 38. Kc1 1-0

[Event "Titled Tue 1st Jul Late"]
[Site "chess.com INT"]
[Date "2025.07.01"]
[Round "2"]
[White "Dobrosmyslov, Artem"]
[Black "Obregon Rivero, Juan Carlos"]
[Result "0-1"]
[WhiteTitle "FM"]
[BlackTitle "GM"]
[WhiteElo "2260"]
[BlackElo "2477"]
[WhiteFideId "24139521"]
[BlackFideId "3507815"]
[EventDate "2025.07.01"]

1. Nf3 Nf6 2. g3 g6 3. Bg2 Bg7 4. O-O c5 5. d4 cxd4 6. Nxd4 O-O 7. Nb3 Nc6 8. c4
d6 9. Nc3 Qb6 10. Be3 Qa6 11. c5 d5 12. Nxd5 Nxd5 13. Qxd5 Rd8 14. Qe4 Bxb2 15.
Rad1 Rxd1 16. Rxd1 Qxe2 17. Bf3 Qa6 18. Rd2 Bf5 19. Qh4 Qxa2 20. Nd4 Nxd4 21.
Bxd4 Qa1+ 22. Rd1 Qa3 23. Bxb7 Rd8 24. Qxe7 Rxd4 25. Qe8+ Kg7 26. Qe5+ Kh6 27.
Rxd4 Qa1+ 28. Kg2 Bxd4 29. Qf4+ Kg7 30. c6 Be5 31. Qc4 Bc7 32. Ba6 Qe5 33. f3
Be6 34. Qe2 Qxe2+ 35. Bxe2 a5 36. Bb5 Bb3 37. f4 a4 38. Kf3 a3 0-1

[Event "Titled Tue 1st Jul Late"]
[Site "chess.com INT"]
[Date "2025.07.01"]
[Round "2"]
[White "Stankovic, Boris"]
[Black "Unver, Cumayi"]
[Result "1-0"]
[WhiteTitle "FM"]
[WhiteElo "2298"]
[BlackElo "2012"]
[WhiteFideId "985317"]
[BlackFideId "6304940"]
[EventDate "2025.07.01"]

1. e4 e6 2. g3 d5 3. Bg2 dxe4 4. Bxe4 Nf6 5. Bg2 c5 6. Nc3 Nc6 7. Nge2 Be7 8.
O-O O-O 9. d3 h6 10. Bf4 a6 11. a4 Nd5 12. Nxd5 exd5 13. Nc3 Be6 14. Re1 d4 15.
Ne4 Bd5 16. Qh5 f5 17. Nd2 Bxg2 18. Kxg2 Qd5+ 19. Qf3 Qxf3+ 20. Nxf3 b5 21. Re6
Rac8 22. axb5 axb5 23. Ne5 Nxe5 24. Bxe5 Bf6 25. Bxf6 Rxf6 26. Rxf6 gxf6 27. Ra5
Rb8 28. Kf3 Kf7 29. Kf4 Kg6 30. Ra6 Rc8 31. Rb6 c4 32. Rxb5 cxd3 33. cxd3 Rc2
34. Kf3 Rd2 35. Rb3 Kg5 36. h4+ Kh5 37. Kg2 Kg4 38. Rb8 Rxd3 39. f3+ Kh5 40. Kf2
Rd2+ 41. Ke1 Rg2 42. Rb5 Rxg3 43. Rxf5+ Kg6 44. Rf4 d3 45. Rg4+ Rxg4 46. fxg4 h5
47. gxh5+ Kxh5 48. b4 f5 49. b5 f4 50. b6 f3 51. b7 f2+ 52. Kxf2 1-0

[Event "Titled Tue 1st Jul Late"]
[Site "chess.com INT"]
[Date "2025.07.01"]
[Round "2"]
[White "Frischmann, Rick"]
[Black "Fernandes, Rogerio Paulo Muller"]
[Result "1-0"]
[WhiteTitle "FM"]
[WhiteElo "2355"]
[BlackElo "2241"]
[WhiteFideId "24660752"]
[BlackFideId "2101599"]
[EventDate "2025.07.01"]

1. e4 e6 2. d4 d5 3. Nd2 c5 4. exd5 Qxd5 5. Ngf3 cxd4 6. Bc4 Qd6 7. O-O Nf6 8.
Nb3 Nc6 9. Nbxd4 Nxd4 10. Nxd4 a6 11. Re1 Bd7 12. c3 Qc7 13. Qe2 h5 14. Bg5
O-O-O 15. h3 Bc5 16. Rad1 Rde8 17. Nb3 Bb6 18. Bxa6 bxa6 19. Qxa6+ Kb8 20. Bf4
e5 21. Rxe5 Rxe5 22. Bxe5 Bxf2+ 23. Kxf2 Qxe5 24. Qb6+ Kc8 25. Rd4 Ne4+ 26. Kg1
Be6 27. Qc6+ Qc7 28. Qxe4 Rd8 29. Qa8+ Qb8 30. Rxd8+ Kxd8 31. Qxb8+ Ke7 32. Nd4
g5 33. Qe5 g4 34. hxg4 hxg4 35. Nxe6 fxe6 36. g3 1-0

[Event "Titled Tue 1st Jul Late"]
[Site "chess.com INT"]
[Date "2025.07.01"]
[Round "2"]
[White "Winkels, Marcel"]
[Black "Zhuravlev, Alexey"]
[Result "0-1"]
[WhiteTitle "CM"]
[BlackTitle "FM"]
[WhiteElo "1905"]
[BlackElo "2359"]
[WhiteFideId "1003887"]
[BlackFideId "4164199"]
[EventDate "2025.07.01"]

1. e4 c6 2. Nf3 d5 3. exd5 cxd5 4. Bb5+ Nc6 5. Ne5 Bd7 6. Nxd7 Qxd7 7. d4 e6 8.
c3 Nf6 9. Bf4 Bd6 10. Bg3 O-O 11. Nd2 a6 12. Bd3 b5 13. Nf3 Ne4 14. Bxe4 dxe4
15. Ng5 f5 16. Qh5 h6 17. Bxd6 Qxd6 18. Nh3 e5 19. dxe5 Nxe5 20. O-O Nd3 21. Qe2
b4 22. cxb4 Qxb4 23. b3 Rac8 24. Rfd1 Rc3 25. f3 Rd8 26. Nf2 Qc5 27. Kf1 Rc2 28.
Rd2 Nxf2 29. Rxd8+ Kh7 30. Rd2 Rxd2 31. Qxd2 Nd3 32. Rd1 Qe5 33. fxe4 fxe4 34.
Kg1 Qd4+ 35. Kf1 a5 36. a3 Qb6 37. b4 a4 38. Qc3 Qf2# 0-1

[Event "Titled Tue 1st Jul Late"]
[Site "chess.com INT"]
[Date "2025.07.01"]
[Round "2"]
[White "Kravtsiv, Martyn"]
[Black "Volodin, Alexandr E."]
[Result "1-0"]
[WhiteTitle "GM"]
[BlackTitle "FM"]
[WhiteElo "2598"]
[BlackElo "2344"]
[WhiteFideId "14113147"]
[BlackFideId "34268871"]
[EventDate "2025.07.01"]

1. e4 h5 2. d4 c6 3. Nc3 d5 4. Nf3 dxe4 5. Nxe4 Nf6 6. Bd3 Nxe4 7. Bxe4 Nd7 8.
Qe2 Nf6 9. Bd3 Bf5 10. Bd2 Bxd3 11. Qxd3 e6 12. O-O-O Qd5 13. c4 Qe4 14. Qb3
O-O-O 15. Rhe1 Qh7 16. Ne5 g6 17. Qa4 Bh6 18. Qxa7 Bxd2+ 19. Rxd2 Ng4 20. Qa8+
Kc7 21. Qa5+ Kc8 22. f4 Nxe5 23. fxe5 Rd7 24. Re3 Qh6 25. Rb3 Rc7 26. Kb1 Rd8
27. Rf3 Qg5 28. Rdf2 Qg4 29. Qa8+ Kd7 30. Rxf7+ Ke8 31. Rf8+ Ke7 32. R2f7# 1-0

[Event "Titled Tue 1st Jul Late"]
[Site "chess.com INT"]
[Date "2025.07.01"]
[Round "2"]
[White "Gerbelli Neto, Eduardo"]
[Black "Luo, Terry"]
[Result "0-1"]
[BlackTitle "IM"]
[WhiteElo "2114"]
[BlackElo "2300"]
[WhiteFideId "2103281"]
[BlackFideId "30931045"]
[EventDate "2025.07.01"]

1. e4 e5 2. Nf3 Nc6 3. Nc3 Nf6 4. d4 exd4 5. Nd5 Nxd5 6. exd5 Ne7 7. Qxd4 d6 8.
Bg5 h6 9. Bh4 Nf5 10. Bb5+ Bd7 11. Qe4+ Be7 12. Qxf5 Bxb5 13. Qe4 O-O 14. O-O-O
Bxh4 15. Nxh4 Re8 16. Qb4 Bd7 17. Nf3 b6 18. Rhe1 Qf6 19. Qd4 Qxd4 20. Nxd4 f5
21. f4 Kf7 22. Kd2 Kf6 23. c4 g5 24. g3 gxf4 25. gxf4 Rxe1 26. Rxe1 Rg8 27. Re2
Rg4 28. Ke3 Rh4 29. Kf3 Rg4 30. h3 Rg1 31. Kf2 Rh1 32. Kg2 Ra1 33. b3 a5 34. Kf3
a4 35. Kg3 Rd1 36. Ne6 Bxe6 37. Rxe6+ Kf7 38. Re3 Rd2 39. a3 axb3 40. Rxb3 Rc2
41. Rb4 Rc3+ 42. Kh4 Rxa3 43. Rb1 Rc3 44. Rb4 Rf3 45. Ra4 Rxf4+ 46. Kh5 b5 0-1

[Event "Titled Tue 1st Jul Late"]
[Site "chess.com INT"]
[Date "2025.07.01"]
[Round "2"]
[White "Baker, Aidan"]
[Black "Leiva, Gianmarco"]
[Result "1-0"]
[BlackTitle "IM"]
[WhiteElo "2130"]
[BlackElo "2387"]
[WhiteFideId "30981565"]
[BlackFideId "3804399"]
[EventDate "2025.07.01"]

1. e4 c5 2. Nf3 d6 3. Bb5+ Nd7 4. O-O a6 5. Bxd7+ Bxd7 6. Re1 Bg4 7. c3 e6 8. d4
Nf6 9. Nbd2 cxd4 10. cxd4 Be7 11. e5 dxe5 12. dxe5 Nd5 13. Qa4+ Qd7 14. Qxg4 O-O
15. Ne4 Kh8 16. Neg5 h6 17. Qh5 Bb4 18. Rd1 Rac8 19. Bd2 Rc4 20. Bxb4 Rxb4 21.
Nh3 Rxb2 22. Qh4 Rc8 23. Nf4 Rcc2 24. Nxd5 exd5 25. Rd4 Rxf2 26. Qxf2 Rxf2 27.
Kxf2 g5 28. Rad1 g4 29. Nh4 Qe7 30. Nf5 Qxe5 31. Rxd5 Qf4+ 32. Kg1 Kh7 33. Rf1
Qc4 34. Rd6 Qc5+ 35. Kh1 Qc4 36. Rxh6+ Kg8 37. Ne7+ Kg7 38. Rhf6 g3 39. Rxf7+
Kh8 40. Rf8+ Kg7 41. R1f7+ Kh6 42. Rh8+ Kg5 43. Rg8+ Kh6 44. Nf5+ Kh5 45. Rh7# 1-0

[Event "Titled Tue 1st Jul Late"]
[Site "chess.com INT"]
[Date "2025.07.01"]
[Round "2"]
[White "Wang, Justin Zhide"]
[Black "Leenhouts, Koen"]
[Result "1-0"]
[WhiteTitle "CM"]
[BlackTitle "GM"]
[WhiteElo "2085"]
[BlackElo "2476"]
[WhiteFideId "4312830"]
[BlackFideId "1008439"]
[EventDate "2025.07.01"]

1. d4 Nf6 2. Nf3 d5 3. c4 e6 4. Bg5 c5 5. cxd5 exd5 6. Nc3 Nc6 7. e3 c4 8. Bxf6
gxf6 9. Nd2 Be6 10. h4 h5 11. Be2 Rg8 12. g3 Qd6 13. Bxh5 Rxg3 14. Qa4 Rg8 15.
O-O-O O-O-O 16. Nxc4 dxc4 17. d5 Nb4 18. dxe6 Nd3+ 19. Rxd3 cxd3 20. exf7 Rg2
21. Qxa7 Qc6 22. Rd1 Bc5 23. Qa5 d2+ 24. Kc2 Bb6 25. Qf5+ Kb8 26. Bf3 Rxf2 27.
Bxc6 Rxf5 28. Be8 Bc5 29. Ne4 Bf8 30. Rxd2 Rxd2+ 31. Kxd2 Rh5 32. Nxf6 1-0

[Event "Titled Tue 1st Jul Late"]
[Site "chess.com INT"]
[Date "2025.07.01"]
[Round "2"]
[White "Grutter, Tim"]
[Black "Bagheri, Maziar"]
[Result "1-0"]
[WhiteTitle "IM"]
[BlackTitle "FM"]
[WhiteElo "2404"]
[BlackElo "2287"]
[WhiteFideId "1057472"]
[BlackFideId "12530913"]
[EventDate "2025.07.01"]

1. e4 c5 2. Nf3 d6 3. Bc4 Nf6 4. d3 g6 5. a3 Bg7 6. O-O O-O 7. Ba2 Nc6 8. h3 d5
9. e5 Nd7 10. e6 fxe6 11. Ng5 Nf6 12. Re1 Qd6 13. Qe2 Nd4 14. Qd1 h6 15. c3 Nc6
16. Nf3 Kh7 17. d4 cxd4 18. cxd4 Ne4 19. Nc3 Nxd4 20. Nxe4 Nxf3+ 21. Qxf3 dxe4
22. Qxe4 e5 23. Be3 Bf5 24. Qh4 e4 25. Rad1 Qf6 26. Qxf6 Bxf6 27. g4 Bc8 28. b4
a5 29. b5 h5 30. g5 Bc3 31. Bd2 Bd4 32. Rxe4 Bxf2+ 33. Kg2 Bc5 34. Be3 Bf5 35.
Re5 Bd6 36. Rxd6 Rac8 37. Rxe7+ 1-0

[Event "Titled Tue 1st Jul Late"]
[Site "chess.com INT"]
[Date "2025.07.01"]
[Round "2"]
[White "Guliev, Gasan"]
[Black "Vlassov, Nikolai"]
[Result "0-1"]
[WhiteTitle "CM"]
[BlackTitle "IM"]
[WhiteElo "2123"]
[BlackElo "2291"]
[WhiteFideId "34165638"]
[BlackFideId "4103360"]
[EventDate "2025.07.01"]

1. d4 Nf6 2. Nf3 g6 3. c4 Bg7 4. Nc3 d5 5. h4 O-O 6. cxd5 Nxd5 7. h5 c5 8. hxg6
hxg6 9. Bh6 cxd4 10. Bxg7 Nxc3 11. Rh8+ Kxg7 12. Rxf8 Kxf8 13. bxc3 Qa5 14. Qxd4
f6 15. e3 Nc6 16. Qd2 Bg4 17. Nd4 Rd8 18. f3 Bc8 19. Bc4 e5 20. Nxc6 bxc6 21.
Qc1 Qc5 22. Be2 Be6 23. Kf2 e4 24. Qh1 Kg7 25. Qh4 exf3 26. gxf3 Rh8 27. Qg3
Qxc3 28. Rg1 Bf7 29. f4 Qd2 0-1

[Event "Titled Tue 1st Jul Late"]
[Site "chess.com INT"]
[Date "2025.07.01"]
[Round "2"]
[White "Deac, Bogdan-Daniel"]
[Black "Graif, William"]
[Result "1-0"]
[WhiteTitle "GM"]
[BlackTitle "FM"]
[WhiteElo "2674"]
[BlackElo "2211"]
[WhiteFideId "1226380"]
[BlackFideId "2609835"]
[EventDate "2025.07.01"]

1. d4 Nf6 2. c4 a6 3. e3 e6 4. Nf3 d5 5. Nc3 b6 6. b3 Bb7 7. Bb2 Nbd7 8. Rc1 Bd6
9. cxd5 exd5 10. g3 O-O 11. Bg2 Qe7 12. O-O Ne4 13. Ne2 Rae8 14. Rc2 g5 15. Qc1
f6 16. Rd1 Rf7 17. Bh3 f5 18. Bg2 f4 19. exf4 gxf4 20. Nxf4 Bxf4 21. gxf4 Ndf6
22. Ne5 Rg7 23. f3 Nd6 24. Ba3 Nh5 25. Ng4 Bc8 26. f5 Bxf5 27. Nh6+ Kh8 28. Nxf5
Nxf5 29. Bxe7 Rexe7 30. Re1 Nxd4 31. Rxe7 Rxe7 32. Qg5 Re1+ 33. Kf2 Nxc2 34.
Qxh5 1-0

[Event "Titled Tue 1st Jul Late"]
[Site "chess.com INT"]
[Date "2025.07.01"]
[Round "2"]
[White "Deichmann, Esteban Horacio"]
[Black "Steinberg, Nitzan"]
[Result "1-0"]
[BlackTitle "GM"]
[WhiteElo "2103"]
[BlackElo "2554"]
[WhiteFideId "167410"]
[BlackFideId "2801795"]
[EventDate "2025.07.01"]

1. e4 c5 2. c3 Nf6 3. e5 Nd5 4. Nf3 d6 5. d4 cxd4 6. cxd4 e6 7. Bc4 Be7 8. O-O
O-O 9. Bxd5 exd5 10. Nc3 Be6 11. Re1 dxe5 12. Nxe5 Nc6 13. f4 Bf6 14. Kh1 Qb6
15. Be3 Qxb2 16. Na4 Qa3 17. Nc5 Bxe5 18. fxe5 b6 19. Nd3 Ne7 20. Nf4 Rac8 21.
Qh5 Bf5 22. Qg5 h6 23. Qh4 Rfe8 24. Nh5 Ng6 25. Nf6+ Kf8 26. Qh5 Qd3 27. Rad1
Qc2 28. Rd2 Qc3 29. Qxf5 Qxe3 30. Rdd1 Qc3 31. Nxe8 Rxe8 32. e6 Re7 33. Rf1 Qc6
34. Rc1 Qxe6 35. Rc8+ Re8 36. Qxe6 1-0

[Event "Titled Tue 1st Jul Late"]
[Site "chess.com INT"]
[Date "2025.07.01"]
[Round "2"]
[White "Arakelyan, Manvel"]
[Black "Milare, Tyron"]
[Result "1-0"]
[WhiteTitle "FM"]
[BlackTitle "FM"]
[WhiteElo "2326"]
[BlackElo "2248"]
[WhiteFideId "13317415"]
[BlackFideId "12987018"]
[EventDate "2025.07.01"]

1. e4 c5 2. Nf3 g6 3. d4 Bg7 4. c3 cxd4 5. cxd4 Nf6 6. Nc3 d5 7. e5 Ne4 8. Bd3
Nxc3 9. bxc3 Nc6 10. O-O Bg4 11. Rb1 Qd7 12. h3 Bf5 13. Re1 e6 14. Ba3 Bf8 15.
Bxf8 Kxf8 16. Bxf5 gxf5 17. Qd2 Rg8 18. Qh6+ Rg7 19. Ng5 Kg8 20. Re3 Kh8 21. h4
Ne7 22. Rg3 f4 23. Rg4 Ng8 24. Qh5 f6 25. Nf3 Rxg4 26. Qxg4 f5 27. Qxf4 b6 28.
Ng5 h6 29. Nf3 Rc8 30. Rc1 Qa4 31. Qd2 Rc4 32. Ne1 b5 33. Nd3 Qa3 34. Rc2 Qe7
35. g3 a5 36. Nf4 Ra4 37. Ng6+ 1-0

[Event "Titled Tue 1st Jul Late"]
[Site "chess.com INT"]
[Date "2025.07.01"]
[Round "2"]
[White "Hernandez Samayoa, Dilan Alexander"]
[Black "Goncharov, Vladimir"]
[Result "0-1"]
[WhiteElo "2006"]
[BlackElo "2077"]
[WhiteFideId "7306679"]
[BlackFideId "34162256"]
[EventDate "2025.07.01"]

1. e4 e6 2. d4 d5 3. Nd2 Be7 4. Ngf3 Nf6 5. e5 Nfd7 6. Bd3 c5 7. c3 Nc6 8. O-O
g5 9. dxc5 g4 10. Nd4 Ndxe5 11. Be2 h5 12. f3 Bxc5 13. Nb3 Bb6 14. Bf4 Ng6 15.
Be3 f5 16. Qd2 O-O 17. fxg4 hxg4 18. Kh1 Qh4 19. Bg5 Qh7 20. a4 Bc7 21. g3 Bxg3
22. Bd3 Bc7 23. Nc5 Nxd4 24. cxd4 b6 25. Na6 Bxa6 26. Bxa6 Nh4 27. Be2 Bxh2 28.
Bxg4 Bd6 29. Bh3 Ng6 30. Qg2 Rf7 31. Rg1 Raf8 32. Raf1 Rg7 33. Qh2 Bxh2 34. Kxh2
Kf7 35. Be3 Rh8 36. Rg3 Ne7 0-1

[Event "Titled Tue 1st Jul Late"]
[Site "chess.com INT"]
[Date "2025.07.01"]
[Round "2"]
[White "Hua, Lefong"]
[Black "Mesquita, Eduardo Barbosa"]
[Result "1-0"]
[WhiteTitle "FM"]
[WhiteElo "2305"]
[BlackElo "2014"]
[WhiteFideId "2602253"]
[BlackFideId "22757163"]
[EventDate "2025.07.01"]

1. d4 d5 2. c4 e6 3. Nc3 Nf6 4. cxd5 exd5 5. Bg5 Be6 6. e3 Nbd7 7. Bd3 Bd6 8. h3
h6 9. Bh4 g5 10. Bg3 Bxg3 11. fxg3 O-O 12. Nge2 Kg7 13. Qd2 c5 14. O-O-O c4 15.
Bc2 b5 16. Nxb5 Qb6 17. Nbc3 Rab8 18. Na4 Qa6 19. Nec3 Rfc8 20. Rdf1 Rb4 21. a3
Rbb8 22. Bb1 Rb3 23. Nc5 Rxc5 24. dxc5 Nxc5 25. Qd4 Rxc3+ 26. Qxc3 Nb3+ 27. Kd1
d4 28. exd4 Nd5 29. Qe1 f6 30. Qe4 f5 31. Qe5+ Kf7 32. Bxf5 Nf6 33. Bg6+ Ke7 34.
Rxf6 Nxd4 35. Qxd4 c3 36. Rxe6+ Kxe6 37. Re1+ Qe2+ 38. Rxe2# 1-0

[Event "Titled Tue 1st Jul Late"]
[Site "chess.com INT"]
[Date "2025.07.01"]
[Round "2"]
[White "Hansen, Eric"]
[Black "Bold, Andre"]
[Result "1-0"]
[WhiteTitle "GM"]
[BlackTitle "CM"]
[WhiteElo "2609"]
[BlackElo "2235"]
[WhiteFideId "2606771"]
[BlackFideId "16208471"]
[EventDate "2025.07.01"]

1. e4 c6 2. Nf3 d5 3. Nc3 Bg4 4. h3 Bh5 5. g4 Bg6 6. d3 e6 7. Bg2 Bc5 8. Qe2 Ne7
9. h4 h5 10. g5 Nd7 11. Bf4 Qb6 12. O-O-O Qa6 13. exd5 cxd5 14. Kb1 Bb4 15. Bd2
Rc8 16. Nd4 O-O 17. Bh3 Nc5 18. a3 Bxc3 19. Bxc3 Na4 20. Bb4 Qb6 21. Nb3 Rfe8
22. Qe3 Nf5 23. Qxb6 Nxb6 24. Bxf5 Bxf5 25. Nd4 Bg6 26. Nb5 Red8 27. Nxa7 Ra8
28. Nb5 Nd7 29. Rhe1 Rdc8 30. Nd6 Rc7 31. f4 Nb6 32. Rf1 Nc8 33. f5 Nxd6 34.
Bxd6 Rd7 35. fxg6 Rxd6 36. Rxf7 e5 37. Rxb7 Re8 38. Re1 Rxg6 39. Rb5 Rd6 40. c4
dxc4 41. dxc4 e4 42. Rd5 Rc6 43. c5 e3 44. b4 e2 45. Rd2 Ra6 46. Rexe2 Rxe2 47.
Rxe2 Rxa3 48. b5 Rb3+ 49. Rb2 1-0

[Event "Titled Tue 1st Jul Late"]
[Site "chess.com INT"]
[Date "2025.07.01"]
[Round "2"]
[White "Silvestre, Christian"]
[Black "Loftgaard, Mikkel Vinh"]
[Result "1-0"]
[BlackTitle "FM"]
[WhiteElo "1992"]
[BlackElo "2243"]
[WhiteFideId "30956269"]
[BlackFideId "1468480"]
[EventDate "2025.07.01"]

1. d4 e5 2. dxe5 d6 3. exd6 Bxd6 4. Nf3 Nc6 5. Bg5 Nf6 6. e3 Qe7 7. Nc3 Be6 8.
Bb5 O-O-O 9. Bxc6 bxc6 10. Qe2 Kb8 11. O-O Bg4 12. Qc4 Bxf3 13. gxf3 Qe5 14. f4
Qf5 15. Qxc6 h6 16. Bh4 g5 17. Bg3 gxf4 18. exf4 h5 19. Qb5+ Qxb5 20. Nxb5 h4
21. Nxd6 Rxd6 22. Rad1 hxg3 23. fxg3 Rhd8 24. Rxd6 Rxd6 25. Rf2 Kb7 26. Re2 Nd7
27. g4 Rd4 28. Rf2 Nc5 29. Kg2 Ne6 30. Kg3 Nc5 31. Kf3 Rd1 32. h4 Rh1 33. h5
Rh3+ 34. Kg2 Rh4 35. Kg3 Rh1 36. Rh2 Rg1+ 37. Kh4 Ne6 38. f5 Nd4 39. Rh3 f6 40.
h6 Re1 41. Kh5 Ne2 42. Rf3 Rh1+ 43. Kg6 Nd4 44. Rf4 Nxc2 45. Kg7 Ne3 46. h7 Nd5
47. Rd4 Kc6 48. h8=Q Rxh8 49. Kxh8 Ne3 50. Kg7 Kc5 51. Re4 Nd5 52. g5 fxg5 53.
f6 Nxf6 54. Kxf6 Kd5 55. Ra4 1-0